00650nam a2200217Ia 4500003000400000005001700004008004100021020001800062040001800080041000800098082002200106245004300128250001200171260004200183300003200225650003700257650003400294650003300328650003700361650003400398OSt20250218163530.0210716s2020 xx 000 0 und d a9789386052216 cAIMIT LIBRARY aeng a006.671 21bDREA aCore and advanced java :bblack book / a1st ed. aNew Delhi :bDreamtech Press ,c2020. axxix,1164 p.;bPBc24.7 cm. aOperators conditionals and loops aWorking with multiple threads aVariables arrays and strings aOperators conditionals and loops aWorking with multiple threads